000 00716nam a2200193 i 4500
001 112748
003 ES-MaACL
005 20250816063137.0
008 061121s1932 sp |||| | spa d
100 1 _aNóvoa Santos, Roberto,
_d1885-1933
_986096
245 1 0 _aDiagnóstico acústico de las formaciones cavitarias del pulmón
_b: conferencia /
_cdada por el Dr. Roberto Nóvoa Santos.
260 _aMadrid :
_b[s. n.],
_c1932.
300 _a11 p. ;
_c23 x 16 cm.
595 _aPublicada en: Revista española de tuberculosis, t. III, n. 1, p. 43-53.
650 4 _aPulmones-
_xEnfermedades.
_9136791
650 7 _aTuberculosis
_2embne
_917658
852 _aES-MaACL
_j1798-F-17
999 _c112748
_d112748